000 00444nam a22001697a 4500
003 CEME
005 20210628204122.0
008 210106b xxu||||| |||| 00| 0 eng d
020 _a9780075401102
040 _cceme
082 _a518 CHA
100 _aChapra, Steven, C
_9132
245 _aApplied numerical methods with matlab for engineers and scientists
260 _aUSA
_bMCGRAW HILL
_c2008
300 _aXVII, 653P
942 _cBK
_2ddc
999 _c576285
_d576285